A empirical demonstration of the stability of the meximized correlation as an internal-consistency reliability estimate for tests of small item size (Record no. 67660)

MARC details
000 -CABECERA
campo de control de longitud fija 00730nam a2200217 a 4500
005 - FECHA Y HORA DE LA ÚLTIMA TRANSACCIÓN
campo de control 20210219153053.0
008 - ELEMENTOS DE LONGITUD FIJA--INFORMACIÓN GENERAL
campo de control de longitud fija 991125n 000 0 u
035 ## - NÚMERO DE CONTROL DEL SISTEMA
Número de control de sistema UPN01000075764
100 1# - ASIENTO PRINCIPAL--NOMBRE PERSONAL
Nombre de persona Wagner, Edwin E
222 #0 - TÍTULO CLAVE
Título clave EDUCATIONAL AND PSYCHOLOGICAL MEASUREMENT
245 00 - MENCIÓN DE TÍTULO
Título A empirical demonstration of the stability of the meximized correlation as an internal-consistency reliability estimate for tests of small item size
300 ## - DESCRIPCIÓN FÍSICA
Extensión 539-544
362 0# - FECHAS DE PUBLICACIÓN Y/O DESIGNACIÓN SECUENCIAL
Fecha de publicación y/o designación secuencial 1990 Vol. 50, no. 3
653 0# - TERMINO DE INDIZACION - NO CONTROLADO
Término no controlado CORRELACION
653 0# - TERMINO DE INDIZACION - NO CONTROLADO
Término no controlado ESTIMACION (MATEMATICAS)
653 0# - TERMINO DE INDIZACION - NO CONTROLADO
Término no controlado PRUEBAS DE FIABILIDAD
700 1# - ASIENTO SECUNDARIO--NOMBRE DE PERSONAL
Nombre de persona Adair, Holiday E.,
Término indicativo de función/relación coaut.
700 1# - ASIENTO SECUNDARIO--NOMBRE DE PERSONAL
Nombre de persona Alexander, Ralph A.,
Término indicativo de función/relación coaut.
904 ## - ELEMENTOS DE DATOS D LOCAL, LDD (RLIN)
a AC
b 013575
905 ## - TIPO DE MATERIAL
Tipo de material Articulo

No items available.